| 000 | 00658nam a22001817a 4500 | ||
|---|---|---|---|
| 005 | 20240718153201.0 | ||
| 010 | _aENG-140898 | ||
| 020 |
_a9789388570008 _c750.00 |
||
| 035 | _aEN-124430 | ||
| 037 | _bDBAD | ||
| 082 | _a810 | ||
| 100 |
_aDepartment of Crop Physiology _968557 |
||
| 245 |
_aNational Seminar on Abiotiv Stress Management Challenges and Opportunities: _bSouvenir and Abstracts/ _cBy Department of Crop Physiology |
||
| 260 |
_aTamil Nadu _bDepartment of Crop Physiology _c2011 |
||
| 270 |
_aTamil Nadu Agricultural University, Coimbatore _bTamil Nadu _e641003 |
||
| 300 |
_a296p. _c26cm.(Hb) |
||
| 942 |
_2ddc _cEN _mNAT _h630 |
||
| 999 |
_c204192 _d204192 |
||